[Event "Collado Villalba op 39th"]
[Site "Collado Villalba"]
[Date "2022.08.26"]
[Round "7"]
[White "Pereira Gonzalez, Manuel"]
[Black "Villar Piriz, Adrian"]
[Result "1/2-1/2"]
[WhiteElo "1595"]
[BlackElo "1820"]
[PlyCount "152"]
[EventDate "2022.08.20"]
[EventType "swiss"]
[EventRounds "9"]
[EventCountry "ESP"]
[SourceTitle "EXT 2023"]
[Source "ChessBase"]
[SourceDate "2022.10.05"]
[SourceVersion "1"]
[SourceVersionDate "2022.10.05"]
[SourceQuality "1"]

1. d4 d6 2. Nf3 g6 3. c4 Bg7 4. Nc3 e5 5. d5 f5 6. Bg5 Nf6 7. e4 h6 8. Bxf6 Qxf6 9. Bd3 Na6 10. Qc2 Nc5 11. h3 0-0 12. 0-0-0 a5 13. exf5 Nxd3+ 14. Qxd3 Bxf5 15. Ne4 Bxe4 16. Qxe4 Qf4+ 17. Nd2 Qxf2 18. Qxg6 Qd4 19. Qe4 Rf2 20. Qxd4 exd4 21. Nf3 Re8 22. Rd2 Rfe2 23. Rxe2 Rxe2 24. Ne1 Rf2 25. g4 Bf6 26. Nd3 Bg5+ 27. Kb1 Rd2 28. Ne1 Rd1+ 29. Kc2 Rc1+ 30. Kd3 Bh4 31. Kd2 Bg5+ 32. Kd3 Rd1+ 33. Kc2 Rd2+ 34. Kb3 a4+ 35. Kxa4 Rxb2 36. Nf3 Bf6 37. Rd1 c5 38. dxc6 bxc6 39. Nxd4 c5 40. Nf5 Bc3 41. a3 Rh2 42. Rxd6 Rxh3 43. Rd5 Bb2 44. Rxc5 Rxa3+ 45. Kb5 Rb3+ 46. Kc6 Kh7 47. Rd5 Rb4 48. Rd7+ Kg6 49. Kd5 h5 50. Ne7+ Kg5 51. gxh5 Kxh5 52. c5 Bc1 53. c6 Bf4 54. Kc5 Rb1 55. Nd5 Bb8 56. Rb7 Rc1+ 57. Kb5 Rb1+ 58. Kc4 Rc1+ 59. Kd3 Rxc6 60. Rxb8 Kg5 61. Rf8 Rd6 62. Kd4 Ra6 63. Ke5 Rc6 64. Rf5+ Kg4 65. Ne3+ Kg3 66. Rf8 Rc7 67. Ke4 Re7+ 68. Kd4 Rd7+ 69. Ke4 Re7+ 70. Kd3 Ra7 71. Nf1+ Kg4 72. Ne3+ Kg5 73. Rf5+ Kg6 74. Rf1 Rd7+ 75. Ke4 Re7+ 76. Kd4 Ra7 1/2-1/2

[Event "Collado Villalba op 39th"]
[Site "Collado Villalba"]
[Date "2022.08.24"]
[Round "5"]
[White "Bahillo Vallejo, Ignacio"]
[Black "Pereira Gonzalez, Manuel"]
[Result "0-1"]
[WhiteElo "1977"]
[BlackElo "1595"]
[PlyCount "96"]
[EventDate "2022.08.20"]
[EventType "swiss"]
[EventRounds "9"]
[EventCountry "ESP"]
[SourceTitle "EXT 2023"]
[Source "ChessBase"]
[SourceDate "2022.10.05"]
[SourceVersion "1"]
[SourceVersionDate "2022.10.05"]
[SourceQuality "1"]

1. d4 d5 2. Bf4 Nf6 3. e3 c5 4. c3 Nc6 5. Nd2 e6 6. Ngf3 cxd4 7. exd4 Nh5 8. Bg5 f6 9. Bh4 g6 10. Bb5 Bg7 11. 0-0 0-0 12. Re1 Re8 13. Nb3 Qd6 14. Qd2 a6 15. Bxc6 bxc6 16. g4 Nf4 17. g5 fxg5 18. Bxg5 Nh3+ 19. Kg2 e5 20. dxe5 Qe6 21. Bf4 Rf8 22. Bg3 Qg4 23. Qd1 h5 24. e6 Nf4+ 25. Kh1 Nxe6 26. Nh4 Ng5 27. Nxg6 Qh3 28. Ne7+ Kh8 29. Nxc8 Raxc8 30. Re3 Ne4 31. Qf1 Nxg3+ 32. Rxg3 Qxf1+ 33. Rxf1 Rce8 34. Rg2 Re2 35. f4 Re4 36. Rgf2 Ra4 37. a3 Bh6 38. Nd4 c5 39. Ne6 Rf6 40. f5 Be3 41. Rg2 Re4 42. Ng7 h4 43. Nh5 Rf7 44. f6 Bh6 45. Rfg1 Re5 46. Rg8+ Kh7 47. R1g7+ Bxg7 48. fxg7 Kxg8 0-1